[Event "Sparkassen-Open B"]
[Site "Heusenstamm, Martinsee"]
[Date "2017.11.24"]
[Round "3.7"]
[White "Bahr, Arne"]
[Black "Becker, Ralph"]
[Result "1/2-1/2"]
[WhiteElo "1681"]
[BlackElo "1753"]
[PlyCount "53"]
[EventDate "2017.??.??"]
[WhiteTeam "SG Turm Kiel"]
[BlackTeam "SC Paimar"]

1. f4 d5 2. b3 Nf6 3. e3 e6 4. Nf3 Be7 5. Bb2 O-O 6. Bd3 Ne4 7. O-O f5 8. Ne5
Nd7 9. Bxe4 dxe4 10. d4 exd3 11. cxd3 Nxe5 12. Bxe5 Bf6 13. Nc3 Bd7 14. Rc1 Bc6
15. Qe2 Qd7 16. d4 Rf7 17. Rfd1 Rd8 18. a4 a6 19. Bxf6 Rxf6 20. Rd2 Rg6 21. g3
b5 22. axb5 axb5 23. b4 Rg4 24. e4 h5 25. d5 exd5 26. e5 h4 27. Kf2 1/2-1/2

[Event "Sparkassen-Open B"]
[Site "Heusenstamm, Martinsee"]
[Date "2017.11.24"]
[Round "3.9"]
[White "Merges, Harald"]
[Black "Adlhoch, Walter"]
[Result "1-0"]
[WhiteElo "1773"]
[BlackElo "1542"]
[PlyCount "49"]
[EventDate "2017.??.??"]
[WhiteTeam "SG Reil-Kinheim"]
[BlackTeam "SK Schwandorf"]

1. e4 c5 2. c3 Nf6 3. e5 Ng8 4. d4 cxd4 5. cxd4 d6 6. exd6 Qxd6 7. Nc3 e6 8.
Nf3 Nf6 9. Nb5 Qb6 10. Bf4 Bb4+ 11. Nd2 O-O 12. Bc7 Qc6 13. Rc1 Qe4+ 14. Qe2
Bxd2+ 15. Kxd2 Qxe2+ 16. Bxe2 Na6 17. Bf3 Nxc7 18. Rxc7 Nd5 19. Bxd5 exd5 20.
Rhc1 Rd8 21. Nxa7 Rxa7 22. Rxc8 Rf8 23. a3 g6 24. Rxf8+ Kxf8 25. Rc5 1-0

[Event "Sparkassen-Open B"]
[Site "Heusenstamm, Martinsee"]
[Date "2017.11.24"]
[Round "3.10"]
[White "Bach, Oliver"]
[Black "Lanz, Udo"]
[Result "1-0"]
[WhiteElo "1599"]
[BlackElo "1782"]
[PlyCount "79"]
[EventDate "2017.??.??"]
[WhiteTeam "Frankfurter TV"]
[BlackTeam "VSG Offenbach"]

1. d4 f5 2. Nf3 g6 3. b3 Bg7 4. Bb2 Nf6 5. e3 O-O 6. g3 d6 7. Bg2 Ne4 8. O-O c6
9. c4 Nd7 10. Nbd2 Ndf6 11. Qc2 h6 12. Nh4 Nxd2 13. Qxd2 Qe8 14. d5 c5 15. Qc2
Rb8 16. Rae1 Nh5 17. Bxg7 Kxg7 18. e4 f4 19. e5 Qf7 20. e6 Qf6 21. Be4 b5 22.
Bxg6 Qg5 23. Bxh5 Qxh5 24. Re4 bxc4 25. bxc4 Ba6 26. Ng2 f3 27. Nh4 Rf6 28. Qa4
Rb6 29. Qa3 Kf8 30. Qc3 Kg8 31. h3 Kh7 32. Qd3 Kh8 33. Rg4 Rb8 34. Ng6+ Rxg6
35. Rxg6 Rg8 36. Rxg8+ Kxg8 37. Rb1 Bxc4 38. Rb8+ Kg7 39. Qc3+ Kh7 40. Qh8+ 1-0

[Event "Sparkassen-Open B"]
[Site "Heusenstamm, Martinsee"]
[Date "2017.11.24"]
[Round "3.11"]
[White "Stork, Christopher"]
[Black "Füssel, Jan Michael"]
[Result "1/2-1/2"]
[WhiteElo "1664"]
[BlackElo "1772"]
[PlyCount "98"]
[EventDate "2017.??.??"]
[WhiteTeam "SV Oberursel"]
[BlackTeam "VSG Offenbach"]

1. e4 c5 2. Nf3 Nc6 3. d4 cxd4 4. Nxd4 g6 5. Nc3 Bg7 6. Be3 Nf6 7. Bc4 O-O 8.
f3 d6 9. Qd2 Ne5 10. Bb3 a6 11. O-O-O b5 12. Nd5 Bb7 13. Nxf6+ Bxf6 14. g4 Rc8
15. Kb1 Nc4 16. Bxc4 Rxc4 17. c3 Qa5 18. Nb3 Qa4 19. h4 Rfc8 20. h5 b4 21. Bd4
bxc3 22. Bxc3 Bxc3 23. bxc3 Rxc3 24. hxg6 Rc2 25. gxf7+ Kxf7 26. Rxh7+ Ke8 27.
Qxc2 Rxc2 28. Kxc2 Qxa2+ 29. Kc3 Qe2 30. Rd3 Bc6 31. Rh8+ Kf7 32. Rh7+ Kf8 33.
Nd4 Qe1+ 34. Rd2 Qc1+ 35. Rc2 Qa3+ 36. Kd2 Qb4+ 37. Ke3 Qe1+ 38. Kd3 Qd1+ 39.
Ke3 Qe1+ 40. Ne2 Bd7 41. Rb2 Bb5 42. Rc2 Qa1 43. Nd4 Qg1+ 44. Rf2 Qe1+ 45. Ne2
Qb4 46. Rfh2 Qc5+ 47. Kf4 Qe5+ 48. Ke3 Qc5+ 49. Kf4 Qe5+ 1/2-1/2

[Event "Sparkassen-Open B"]
[Site "Heusenstamm, Martinsee"]
[Date "2017.11.24"]
[Round "3.12"]
[White "Haftmann, Rainer"]
[Black "Popp, Johann"]
[Result "1/2-1/2"]
[WhiteElo "1768"]
[BlackElo "1561"]
[PlyCount "90"]
[EventDate "2017.??.??"]
[WhiteTeam "SG Dietzenbach"]
[BlackTeam "SG Rödermark"]

1. e4 c6 2. d4 d5 3. exd5 cxd5 4. c4 Bf5 5. Nc3 e6 6. cxd5 exd5 7. Qb3 Nc6 8.
Nf3 Bb4 9. Bb5 Bxc3+ 10. Qxc3 Nge7 11. O-O O-O 12. a3 Rc8 13. Qd2 a6 14. Bd3
Re8 15. Re1 Qb6 16. Bf1 Ng6 17. Re3 Re4 18. Bd3 Rxe3 19. fxe3 Bxd3 20. Qxd3 Re8
21. b4 a5 22. b5 Na7 23. a4 Nc8 24. Ba3 Nd6 25. Bc5 Qd8 26. Bxd6 Qxd6 27. Qc3
Qe7 28. Re1 b6 29. Qc6 Qe6 30. Qxe6 fxe6 31. Rc1 e5 32. Kf2 exd4 33. Nxd4 Ne5
34. Rc3 Nc4 35. Ke2 Kf7 36. Nc6 Kf6 37. Rd3 Ke6 38. Rd4 Kd6 39. Rd3 Re4 40. Nd4
Nb2 41. Ra3 Nc4 42. Rc3 Kc5 43. Nc6 Kd6 44. Nd4 Kc5 45. Nc6 Kd6 1/2-1/2

[Event "Sparkassen-Open B"]
[Site "Heusenstamm, Martinsee"]
[Date "2017.11.24"]
[Round "3.13"]
[White "Uphoff, Jürgen"]
[Black "Ringeltaube, Denny"]
[Result "0-1"]
[WhiteElo "1625"]
[BlackElo "1746"]
[PlyCount "140"]
[EventDate "2017.??.??"]
[WhiteTeam "vereinslos"]
[BlackTeam "Klub Kölner SF"]

1. f4 d5 2. Nf3 Nf6 3. b3 g6 4. Bb2 Bg7 5. e3 O-O 6. Bd3 Nbd7 7. O-O Nc5 8. Be2
c6 9. Bd4 Ne6 10. Be5 Nc5 11. Nc3 Ncd7 12. d4 Qa5 13. Qe1 Ng4 14. Bxg7 Kxg7 15.
Nd1 Qxe1 16. Rxe1 Ngf6 17. Bd3 Nb6 18. Nf2 Bd7 19. Ne5 Be6 20. h3 Bf5 21. g4
Bxd3 22. Nexd3 Nc8 23. g5 Ne4 24. Nxe4 dxe4 25. Nc5 Nd6 26. c4 Rfd8 27. Na4 b5
28. Nb2 h6 29. Rac1 hxg5 30. fxg5 Nf5 31. Kf2 Rh8 32. Rh1 Rh5 33. Rcg1 Rah8 34.
Nd1 Rxh3 35. Rxh3 Rxh3 36. Rg4 Rh2+ 37. Rg2 Rxg2+ 38. Kxg2 e6 39. Kh3 f6 40.
Kg4 bxc4 41. bxc4 Kf7 42. gxf6 Kxf6 43. Kf4 Nd6 44. c5 g5+ 45. Kg4 Nc4 46. Kg3
Kf5 47. a4 a5 48. Kf2 Kg4 49. Nc3 Kf5 50. Ne2 Nb2 51. Ng3+ Kg4 52. Nxe4 Nxa4
53. Nf6+ Kf5 54. Nd7 Nc3 55. Ne5 a4 56. Nxc6 a3 57. Nb4 e5 58. c6 exd4 59. exd4
Ke6 60. Kf3 Nb5 61. Kg4 Nxd4 62. c7 Kd7 63. c8=Q+ Kxc8 64. Kxg5 Kc7 65. Kf4 Kb6
66. Ke4 Kc5 67. Na2 Kc4 68. Nc1 Kc3 69. Ke3 Kc2 70. Na2 Nc6 0-1

[Event "Sparkassen-Open B"]
[Site "Heusenstamm, Martinsee"]
[Date "2017.11.24"]
[Round "3.14"]
[White "Strate, Wolfgang"]
[Black "Mügendt, Brian Christopher"]
[Result "1/2-1/2"]
[WhiteElo "1602"]
[BlackElo "1732"]
[PlyCount "65"]
[EventDate "2017.??.??"]
[WhiteTeam "SC Eschbach"]
[BlackTeam "SC Heusenstamm"]

1. d4 Nf6 2. Bf4 d5 3. e3 e6 4. Nf3 c5 5. c3 Nc6 6. Nbd2 Bd6 7. Bxd6 Qxd6 8.
Bb5 O-O 9. Bxc6 Qxc6 10. Ne5 Qc7 11. Ndf3 Nd7 12. O-O Nxe5 13. Nxe5 f6 14. Nf3
b6 15. Qd3 a5 16. Rfc1 Ba6 17. Qc2 Rac8 18. e4 Qd7 19. exd5 Qxd5 20. Rd1 c4 21.
Re1 Bb7 22. Re3 Rce8 23. Rae1 Qh5 24. Qe2 Bd5 25. Nd2 Qxe2 26. R1xe2 Re7 27. f4
Rfe8 28. Ne4 Rd8 29. f5 e5 30. dxe5 Rxe5 31. Ng3 Rde8 32. Rxe5 Rxe5 33. Kf2
1/2-1/2

[Event "Sparkassen-Open B"]
[Site "Heusenstamm, Martinsee"]
[Date "2017.11.24"]
[Round "3.15"]
[White "Burow, Roger"]
[Black "Werner, Tom"]
[Result "0-1"]
[WhiteElo "1708"]
[BlackElo "1627"]
[PlyCount "74"]
[EventDate "2017.??.??"]
[WhiteTeam "SV Kelsterbach"]
[BlackTeam "VSG Offenbach"]

1. e4 e6 2. d4 d5 3. Nd2 Nf6 4. exd5 exd5 5. Ngf3 Bd6 6. c4 c6 7. Bd3 O-O 8.
O-O Be6 9. Re1 Nbd7 10. c5 Bc7 11. h3 b6 12. b4 a5 13. Ng5 Re8 14. b5 bxc5 15.
bxc6 Nb8 16. dxc5 Nxc6 17. Bb5 Bd7 18. Bb2 Rb8 19. Qa4 Ne5 20. Bxd7 Nfxd7 21.
Bxe5 Bxe5 22. Rac1 Qxg5 23. Nf3 Qd8 24. Rc2 Bc7 25. Rce2 Rxe2 26. Rxe2 Rb1+ 27.
Ne1 g6 28. Kf1 Rc1 29. c6 Ne5 30. Rc2 Rxc2 31. Qxc2 Qd6 32. g3 Nxc6 33. Nd3 Nb4
34. Qd2 Qa6 35. Ke2 Qxd3+ 36. Qxd3 Nxd3 37. Kxd3 f5 0-1

[Event "Sparkassen-Open B"]
[Site "Heusenstamm, Martinsee"]
[Date "2017.11.24"]
[Round "3.16"]
[White "Mehl, Ulrich"]
[Black "Edenhäuser, Hermann"]
[Result "0-1"]
[WhiteElo "1599"]
[BlackElo "1419"]
[PlyCount "40"]
[EventDate "2017.??.??"]
[WhiteTeam "Berkershm"]
[BlackTeam "SC Heusenstamm"]

1. d4 d5 2. c4 e6 3. Nc3 Nf6 4. Bg5 Nbd7 5. e3 Be7 6. Nf3 O-O 7. Bd3 c6 8. O-O
b6 9. Rc1 Bb7 10. cxd5 exd5 11. Bb1 c5 12. Qc2 g6 13. Rcd1 Rc8 14. Ne5 cxd4 15.
Nxd7 Qxd7 16. exd4 Qc7 17. Qd3 Ng4 18. Qh3 Nxf2 19. Rxf2 Bxg5 20. Qg4 Be3 0-1

[Event "Sparkassen-Open B"]
[Site "Heusenstamm, Martinsee"]
[Date "2017.11.24"]
[Round "3.17"]
[White "Schwenk, Stefan"]
[Black "Klein, Simon"]
[Result "1-0"]
[WhiteElo "1727"]
[BlackElo "1302"]
[PlyCount "77"]
[EventDate "2017.??.??"]
[WhiteTeam "TuS Dotzheim"]
[BlackTeam "SK Hungen"]

1. c4 c5 2. g3 g6 3. Bg2 Bg7 4. Nc3 Nf6 5. e3 Nc6 6. a3 O-O 7. Nge2 Rb8 8. O-O
b6 9. Rb1 e6 10. b4 cxb4 11. axb4 Ne7 12. Nb5 Bb7 13. Bxb7 Rxb7 14. Ba3 d6 15.
d4 a6 16. Nbc3 Rc7 17. Qb3 Qc8 18. c5 dxc5 19. bxc5 b5 20. Rfd1 Qb7 21. Na4 Rb8
22. Nb6 Nc8 23. Nxc8 Rcxc8 24. Nc3 Ne4 25. Nxe4 Qxe4 26. Bb4 Rc6 27. Ba5 Bf6
28. Rd2 Bd8 29. Ra2 Bc7 30. Bxc7 Rxc7 31. Rxa6 Qb7 32. Rb6 Qa7 33. Rxb8+ Qxb8
34. Qxb5 Qd8 35. Qb6 Qe7 36. Qa5 Ra7 37. Rb8+ Kg7 38. Qd8 Ra2 39. Qxe7 1-0

[Event "Sparkassen-Open B"]
[Site "Heusenstamm, Martinsee"]
[Date "2017.11.24"]
[Round "3.18"]
[White "Grabs, Peter jr"]
[Black "Peteani, Damien"]
[Result "0-1"]
[WhiteElo "1319"]
[BlackElo "1687"]
[PlyCount "96"]
[EventDate "2017.??.??"]
[WhiteTeam "SC Empor Potsdam"]
[BlackTeam "SV Groß-Gerau"]

1. e4 e6 2. d4 d5 3. exd5 exd5 4. Qf3 Nf6 5. Bd3 Bg4 6. Qe3+ Be7 7. f3 Bh5 8.
Ne2 Nc6 9. c3 Qd7 10. Nd2 O-O-O 11. b4 Rhe8 12. Qg5 Bg6 13. Bxg6 hxg6 14. a4
Ne4 15. Qg4 Qxg4 16. fxg4 Nxc3 17. b5 Nxd4 18. Bb2 Ncxe2 19. Kd1 Bb4 20. Nf3
Bc3 21. Bxc3 Nxc3+ 22. Kd2 Ne4+ 23. Kd3 Nxf3 24. gxf3 Nf2+ 25. Kd4 Nxh1 26.
Rxh1 b6 27. Rc1 Re2 28. h4 Ra2 29. Re1 Rxa4+ 30. Ke3 Re8+ 31. Kf2 Ra2+ 32. Kf1
Rxe1+ 33. Kxe1 Kd7 34. f4 Ke6 35. h5 gxh5 36. gxh5 Kf5 37. h6 gxh6 38. Kd1 h5
39. Ke1 Rg2 40. Kf1 Rg4 41. Ke2 Ke4 42. Kd2 Rg3 43. Kc2 h4 44. Kd2 h3 45. Ke2
Rg2+ 46. Kf1 Kf3 47. Ke1 h2 48. Kf1 Rg1# 0-1

[Event "Sparkassen-Open B"]
[Site "Heusenstamm, Martinsee"]
[Date "2017.11.24"]
[Round "3.19"]
[White "Gade, Bernt"]
[Black "Memmeler, Björn"]
[Result "1-0"]
[WhiteElo "1666"]
[BlackElo "1556"]
[PlyCount "77"]
[EventDate "2017.??.??"]
[WhiteTeam "Berkershm"]
[BlackTeam "SF Mainz"]

1. e4 c5 2. Nf3 Nf6 3. Nc3 d6 4. d4 cxd4 5. Nxd4 Nc6 6. Be2 g6 7. Be3 Bg7 8.
O-O O-O 9. Kh1 d5 10. Nxc6 bxc6 11. e5 Ne4 12. f4 Nxc3 13. bxc3 Bf5 14. Bd3
Bxd3 15. cxd3 e6 16. Qa4 Qc7 17. Bc5 Rfc8 18. Rab1 Bf8 19. Qa3 Bxc5 20. Qxc5
Rab8 21. Rb3 Rxb3 22. axb3 Qb6 23. Qxb6 axb6 24. Ra1 c5 25. Kg1 c4 26. bxc4
dxc4 27. d4 b5 28. Kf1 Rb8 29. Rb1 b4 30. Rxb4 Rxb4 31. cxb4 Kf8 32. Ke2 Ke7
33. Kd2 Kd7 34. b5 Kc7 35. Kc3 Kb6 36. Kxc4 h6 37. g4 h5 38. g5 h4 39. h3 1-0

[Event "Sparkassen-Open B"]
[Site "Heusenstamm, Martinsee"]
[Date "2017.11.24"]
[Round "3.20"]
[White "Wachsmann, Elmar"]
[Black "Goodwin, David"]
[Result "1/2-1/2"]
[WhiteElo "1665"]
[BlackElo "1536"]
[PlyCount "64"]
[EventDate "2017.??.??"]
[WhiteTeam "SC Groß-Umstadt"]
[BlackTeam "SV Kelsterbach"]

1. d4 g6 2. Nf3 Bg7 3. Bf4 d6 4. e3 Nd7 5. c3 a6 6. Nbd2 b5 7. Be2 Bb7 8. a4
bxa4 9. Qxa4 Ngf6 10. O-O O-O 11. Bg3 Nb6 12. Qc2 Nfd7 13. Ra3 c5 14. Rfa1 Qc8
15. Qb1 c4 16. e4 e5 17. Qf1 exd4 18. Nxd4 Ne5 19. Nc2 Bh6 20. Bxe5 dxe5 21.
Nxc4 Nxc4 22. Bxc4 Bxe4 23. Nb4 Rd8 24. Bxa6 Qf5 25. f3 Be3+ 26. Kh1 Bc2 27.
Nxc2 Qxc2 28. Bd3 Rxd3 29. Rxa8+ Kg7 30. R8a3 Rd2 31. c4 Rf2 32. Qg1 Bd4
1/2-1/2

[Event "Sparkassen-Open B"]
[Site "Heusenstamm, Martinsee"]
[Date "2017.11.24"]
[Round "3.21"]
[White "Fritsch, Reinhold"]
[Black "Mook, Karl-Jürgen"]
[Result "0-1"]
[WhiteElo "1653"]
[BlackElo "1529"]
[PlyCount "116"]
[EventDate "2017.??.??"]
[WhiteTeam "SC Somborn"]
[BlackTeam "SC Sulzbach"]

1. e4 c5 2. Nf3 a6 3. d4 cxd4 4. c3 dxc3 5. Nxc3 e6 6. Bc4 Bb4 7. O-O Nc6 8. a3
Bxc3 9. bxc3 Nge7 10. Qe2 O-O 11. Rd1 Qc7 12. Bb2 Ng6 13. Rd2 Nce7 14. Rad1 d5
15. exd5 exd5 16. Ba2 Bg4 17. h3 Nf4 18. Qf1 Bxf3 19. gxf3 Rad8 20. Bb1 Neg6
21. Bxg6 fxg6 22. c4 Qf7 23. Be5 Qf5 24. Bxf4 Qxf4 25. cxd5 Qg5+ 26. Qg2 Qe5
27. d6 Rf5 28. f4 Qxf4 29. Qxb7 Rg5+ 30. Kf1 Qc4+ 31. Re2 Re5 32. Qb2 Rxe2 33.
Qxe2 Qxe2+ 34. Kxe2 Kf7 35. Rd4 Ke6 36. Kd3 Rxd6 37. Rxd6+ Kxd6 38. Kc4 g5 39.
Kb4 Kc6 40. Ka5 Kb7 41. Kb4 Kb6 42. Kc4 g6 43. f3 h6 44. Kb4 h5 45. Kc4 Ka5 46.
Kb3 Kb5 47. a4+ Kc5 48. Kc3 a5 49. Kb3 Kd4 50. Kb2 Kc4 51. Kc2 Kb4 52. Kd3 Kxa4
53. Kc4 Ka3 54. Kc3 a4 55. Kc2 Kb4 56. Kb2 a3+ 57. Ka2 Kc4 58. Kxa3 Kd4 0-1

[Event "Sparkassen-Open B"]
[Site "Heusenstamm, Martinsee"]
[Date "2017.11.24"]
[Round "3.23"]
[White "Rupp, Arnim"]
[Black "Pomrehn, Ole Magnus"]
[Result "0-1"]
[WhiteElo "1636"]
[BlackElo "1512"]
[PlyCount "98"]
[EventDate "2017.??.??"]
[WhiteTeam "SC Eschborn"]
[BlackTeam "SF Schöneck"]

1. d4 d5 2. Nf3 Nf6 3. Bf4 c6 4. e3 Bf5 5. Bd3 Bxd3 6. Qxd3 e6 7. c3 Bd6 8. Bg5
Nbd7 9. Nbd2 Qc7 10. c4 O-O 11. c5 Be7 12. O-O Rfe8 13. Bf4 Qc8 14. h3 Bd8 15.
Rfe1 Bc7 16. Bg5 h6 17. Bh4 e5 18. dxe5 Nxe5 19. Nxe5 Bxe5 20. Qc2 Qc7 21. f4
Bxf4 22. exf4 Qxf4 23. Bxf6 Qxf6 24. Rxe8+ Rxe8 25. Rf1 Qd4+ 26. Kh1 Re2 27.
Rd1 Qf2 28. Rg1 Rxd2 29. Qa4 Qxc5 30. b3 Rd4 31. b4 Rxb4 32. Qd1 Qd4 33. Qf3
Qe4 34. Qg3 Qf4 35. Qe1 Re4 36. Qb1 Qc7 37. Rf1 Re7 38. Qb4 c5 39. Qd2 d4 40.
Rf5 Re5 41. Rf3 c4 42. Rf1 d3 43. Rc1 Re2 44. Qc3 Qc6 45. Rg1 d2 46. Qd4 c3 47.
Qd8+ Kh7 48. Qd3+ Qe4 49. Qd6 Re1 0-1

[Event "Sparkassen-Open B"]
[Site "Heusenstamm, Martinsee"]
[Date "2017.11.24"]
[Round "3.24"]
[White "Policarpo, Raphael"]
[Black "Löhr, Frank"]
[Result "1/2-1/2"]
[WhiteElo "1633"]
[BlackElo "1484"]
[PlyCount "54"]
[EventDate "2017.??.??"]
[WhiteTeam "SC Heusenstamm"]
[BlackTeam "SF Ötzingen"]

1. e4 c6 2. d4 d5 3. Nc3 dxe4 4. Nxe4 Bf5 5. Ng3 Bg6 6. Nf3 h6 7. Bd3 Bxd3 8.
Qxd3 e6 9. O-O Nf6 10. Bf4 Be7 11. Rfe1 Nbd7 12. Rad1 Qb6 13. b3 Qb5 14. c4 Qa5
15. Re2 O-O 16. Ne4 Nxe4 17. Qxe4 Nf6 18. Qe5 Qxe5 19. Nxe5 Bd6 20. Ng6 Rfd8
21. Bxd6 Rxd6 22. Ne5 c5 23. Red2 Rad8 24. Nf3 cxd4 25. Rxd4 Rxd4 26. Rxd4 Rxd4
27. Nxd4 a6 1/2-1/2

[Event "Sparkassen-Open B"]
[Site "Heusenstamm, Martinsee"]
[Date "2017.11.24"]
[Round "3.25"]
[White "Sitta, Stefan"]
[Black "Weber, Detlef"]
[Result "0-1"]
[WhiteElo "1502"]
[BlackElo "1633"]
[PlyCount "88"]
[EventDate "2017.??.??"]
[WhiteTeam "Sfr. Stiller Zug"]
[BlackTeam "SC Höxter"]

1. d4 d5 2. Nf3 Nf6 3. Bf4 Bf5 4. e3 e6 5. c4 Bb4+ 6. Nc3 Ne4 7. Qb3 Bxc3+ 8.
bxc3 b6 9. Be2 O-O 10. O-O Bg4 11. Qc2 Bf5 12. Qc1 Nd7 13. Ne1 g5 14. Bg3 c6
15. f3 Nxg3 16. hxg3 Qc7 17. Kf2 Qd8 18. Rh1 Kg7 19. Bd3 Bxd3 20. Nxd3 dxc4 21.
Nb2 b5 22. Qc2 Rh8 23. Qe4 Rc8 24. Rh5 h6 25. Qc2 Nf6 26. Rhh1 Qc7 27. a4 a6
28. axb5 axb5 29. Ra6 Qb7 30. Raa1 Ra8 31. Rab1 Ra2 32. e4 Qc7 33. e5 Nd5 34.
Ra1 Rxa1 35. Rxa1 Qb7 36. Nd1 Ra8 37. Rxa8 Qxa8 38. Ne3 Qa3 39. Nxd5 cxd5 40.
g4 Qb3 41. Qc1 b4 42. cxb4 c3 43. Ke1 Qxb4 44. Qe3 Qb1+ 0-1

[Event "Sparkassen-Open B"]
[Site "Heusenstamm, Martinsee"]
[Date "2017.11.24"]
[Round "3.26"]
[White "Hänselmann, Hendrik"]
[Black "Grabs, Peter"]
[Result "1-0"]
[WhiteElo "1597"]
[BlackElo "1481"]
[PlyCount "143"]
[EventDate "2017.??.??"]
[WhiteTeam "Karlsruher SF"]
[BlackTeam "SC Empor Potsdam"]

1. e4 e5 2. Nf3 Nc6 3. Nc3 Nf6 4. Bb5 Bc5 5. O-O O-O 6. Nxe5 Nxe5 7. d4 Bd6 8.
f4 Nxe4 9. Nxe4 Ng6 10. Nxd6 cxd6 11. f5 Nh8 12. Qg4 Re8 13. Bc4 Kf8 14. Bf4
Qb6 15. Bc1 f6 16. b3 Nf7 17. Bb2 Ne5 18. Qe2 Nxc4 19. Qxc4 Re5 20. Kh1 d5 21.
Qd3 Re4 22. Rae1 Qc6 23. Re2 d6 24. c3 Bd7 25. Rxe4 dxe4 26. Qg3 d5 27. Ba3+
Kf7 28. Qh3 h6 29. Qh5+ Kg8 30. Qh3 Re8 31. Qe3 Qa6 32. Qc1 Rc8 33. Rf4 Re8 34.
g4 Qe2 35. Qb2 Qxb2 36. Bxb2 Bb5 37. c4 dxc4 38. Bc3 cxb3 39. axb3 e3 40. d5 e2
41. Be1 Re3 42. Rd4 Rd3 43. Rxd3 Bxd3 44. Kg2 Kf8 45. Kf2 Ke8 46. Ke3 Bb5 47.
Kd4 Kd7 48. Kc5 Bd3 49. h4 Be4 50. b4 Bf3 51. b5 b6+ 52. Kd4 Bxg4 53. Ke4 Kc7
54. Bg3+ Kd7 55. Be1 Bh5 56. Ke3 Kd6 57. Ke4 Kc5 58. Bd2 Kxb5 59. Kd4 Ka6 60.
d6 Kb7 61. Kd5 Kc8 62. Ke6 a5 63. Ke7 a4 64. d7+ Kb7 65. d8=Q a3 66. Qd7+ Kb8
67. Qd6+ Kb7 68. Qxa3 Bg4 69. Qd3 Ka7 70. Kd7 h5 71. Kc7 e1=Q 72. Qa3# 1-0

[Event "Sparkassen-Open B"]
[Site "Heusenstamm, Martinsee"]
[Date "2017.11.24"]
[Round "3.27"]
[White "Hofmann, Werner"]
[Black "Schwegler, Jelena"]
[Result "1-0"]
[WhiteElo "1624"]
[BlackElo "1462"]
[PlyCount "60"]
[EventDate "2017.??.??"]
[WhiteTeam "SV Kelsterbach"]
[BlackTeam "SK Bad Homburg"]

1. d4 Nf6 2. e3 g6 3. Bd3 Bg7 4. f4 O-O 5. Nf3 d6 6. Nbd2 Nc6 7. O-O e5 8. c3
Re8 9. Ne4 Nxe4 10. Bxe4 d5 11. Bc2 exf4 12. exf4 Bg4 13. h3 Bxf3 14. Qxf3 Qd6
15. f5 Qd7 16. Bd2 Rad8 17. b4 a5 18. f6 Bh8 19. b5 Na7 20. a4 Nc8 21. g4 Re6
22. g5 Rde8 23. Bf4 Nb6 24. Bd3 Nc4 25. Bxc4 dxc4 26. Be5 c5 27. bxc6 Qxc6 28.
d5 Qb6+ 29. Bd4 Qd8 30. dxe6 Rxe6 1-0

[Event "Sparkassen-Open B"]
[Site "Heusenstamm, Martinsee"]
[Date "2017.11.24"]
[Round "3.28"]
[White "Pohle, Saskia"]
[Black "Tiggemann, Felix"]
[Result "1-0"]
[WhiteElo "1497"]
[BlackElo "1453"]
[PlyCount "85"]
[EventDate "2017.??.??"]
[WhiteTeam "Muldental Wilkau-Haßlau"]
[BlackTeam "SF Schöneck"]

1. e4 e6 2. d4 d5 3. Nc3 Nf6 4. e5 Nfd7 5. Nf3 c5 6. Be3 Qb6 7. Rb1 c4 8. Be2
Bb4 9. O-O Nc6 10. a3 Bxc3 11. bxc3 Qa5 12. Ra1 Qxc3 13. Bd2 Qb2 14. c3 Qb6 15.
Be3 Na5 16. Qc2 Nb3 17. Rab1 Qa5 18. Qb2 Nb6 19. Nd2 Nxd2 20. Bxd2 Bd7 21. f4
Rc8 22. Bg4 g6 23. Rf2 Rc7 24. Kf1 Na4 25. Qb4 Qxb4 26. Rxb4 Ke7 27. Bh3 Rb8
28. g4 h6 29. f5 g5 30. fxe6 Bxe6 31. Rxa4 b5 32. Rb4 Rc6 33. a4 Rcb6 34. axb5
Rxb5 35. Rf6 Rxb4 36. cxb4 h5 37. Bxg5 Rxb4 38. Rf3+ Kf8 39. gxh5 Bxh3+ 40.
Rxh3 Rb3 41. Rxb3 cxb3 42. Bc1 f6 43. e6 1-0

[Event "Sparkassen-Open B"]
[Site "Heusenstamm, Martinsee"]
[Date "2017.11.24"]
[Round "3.29"]
[White "Giebitz, Walter"]
[Black "Kremenetskiy, Igor"]
[Result "1/2-1/2"]
[WhiteElo "1483"]
[BlackElo "1603"]
[PlyCount "36"]
[EventDate "2017.??.??"]
[WhiteTeam "SC Steinbach"]
[BlackTeam "SF Heusenstamm"]

1. e4 g6 2. Nf3 d6 3. h3 Bg7 4. Bc4 e6 5. O-O Nc6 6. d3 h6 7. Nc3 a6 8. a3 Nge7
9. Be3 O-O 10. Qd2 Kh7 11. Nh2 f5 12. f3 Rb8 13. b4 b5 14. Ba2 d5 15. Bc5 dxe4
16. fxe4 Bd4+ 17. Bxd4 Nxd4 18. Rae1 Bb7 1/2-1/2

[Event "Sparkassen-Open B"]
[Site "Heusenstamm, Martinsee"]
[Date "2017.11.24"]
[Round "3.30"]
[White "Emig, Nils"]
[Black "Hahnenstein, Leon"]
[Result "1-0"]
[WhiteElo "1600"]
[BlackElo "1411"]
[PlyCount "71"]
[EventDate "2017.??.??"]
[WhiteTeam "SK Marburg"]
[BlackTeam "SC Herborn"]

1. d4 d5 2. c4 c6 3. Nc3 Nf6 4. Nf3 Bf5 5. Bf4 e6 6. a3 Be7 7. e3 Nbd7 8. Be2
O-O 9. O-O Rc8 10. Rc1 Nb6 11. cxd5 Nbxd5 12. Nxd5 Nxd5 13. Bg3 Bg6 14. Ne5 Bd6
15. Nxg6 fxg6 16. Bxd6 Qxd6 17. Bf3 Rf7 18. e4 Ne7 19. Bg4 Rd8 20. Qb3 Kh8 21.
Bxe6 Rf4 22. e5 Qc7 23. d5 Qxe5 24. Qxb7 Nxd5 25. Qxc6 Rff8 26. Rcd1 Nf4 27.
Rxd8 Rxd8 28. Bg4 Qxb2 29. Qa4 h5 30. Qxf4 hxg4 31. Qxg4 Qxa3 32. Qh4+ Kg8 33.
Qxd8+ Kh7 34. Qd4 a5 35. Ra1 Qe7 36. g3 1-0

[Event "Sparkassen-Open B"]
[Site "Heusenstamm, Martinsee"]
[Date "2017.11.24"]
[Round "3.31"]
[White "Kail, Thomas"]
[Black "Eckhoff, Mathias"]
[Result "1/2-1/2"]
[WhiteElo "1598"]
[BlackElo "1393"]
[PlyCount "88"]
[EventDate "2017.??.??"]
[WhiteTeam "SK Klingenberg"]
[BlackTeam "SK Hungen"]

1. e4 e6 2. Nf3 d5 3. e5 c5 4. c3 Bd7 5. d4 Qb6 6. b3 cxd4 7. cxd4 Bb5 8. Bxb5+
Qxb5 9. Qe2 Qxe2+ 10. Kxe2 Nc6 11. Ba3 Bxa3 12. Nxa3 a6 13. h3 Nge7 14. g4 O-O
15. Nc2 Rac8 16. Rac1 h6 17. h4 a5 18. h5 Rc7 19. Na3 Rfc8 20. Rc2 Nb4 21. Rxc7
Rxc7 22. Ra1 Rc8 23. Kd2 b6 24. Ne1 g6 25. hxg6 fxg6 26. Nec2 Rf8 27. Ke3 Nxc2+
28. Nxc2 h5 29. f3 hxg4 30. fxg4 g5 31. Rg1 Kg7 32. Ne1 Rh8 33. Nf3 Kg6 34. Kf2
Nc6 35. a3 b5 36. Rc1 Rc8 37. Ke3 Ne7 38. Rc5 b4 39. axb4 axb4 40. Rxc8 Nxc8
41. Ne1 Na7 42. Nd3 Nc6 43. Nc5 Kf7 44. Kd3 Ke7 1/2-1/2

[Event "Sparkassen-Open B"]
[Site "Heusenstamm, Martinsee"]
[Date "2017.11.24"]
[Round "3.32"]
[White "Brunner, Andreas"]
[Black "Kodalle, Dominik"]
[Result "0-1"]
[WhiteElo "1475"]
[BlackElo "1589"]
[PlyCount "60"]
[EventDate "2017.??.??"]
[WhiteTeam "Berkershm"]
[BlackTeam "Aschaffenburg-Schweinheim"]

1. d4 Nf6 2. c4 g6 3. Nf3 Bg7 4. Bg5 d6 5. e3 O-O 6. Bd3 h6 7. Bh4 g5 8. Bg3 e6
9. Nc3 Nc6 10. a3 Ne7 11. O-O Nh5 12. Nxg5 Nxg3 13. fxg3 hxg5 14. Qh5 Nf5 15.
Ne4 f6 16. d5 exd5 17. cxd5 Nxe3 18. Nxf6+ Rxf6 19. Bh7+ Kf8 20. Rfe1 Nxd5 21.
h4 Rh6 22. Qf3+ Nf6 23. Bc2 gxh4 24. gxh4 Rxh4 25. Rf1 c6 26. Rae1 Kg8 27. Bg6
Qb6+ 28. Rf2 Bd7 29. Re7 Rf8 30. Qc3 Qxf2+ 0-1

[Event "Sparkassen-Open B"]
[Site "Heusenstamm, Martinsee"]
[Date "2017.11.24"]
[Round "3.33"]
[White "Friedel, Thomas"]
[Black "Müller, Maximilian"]
[Result "1-0"]
[WhiteElo "1582"]
[BlackElo "1362"]
[PlyCount "42"]
[EventDate "2017.??.??"]
[WhiteTeam "SV Groß-Gerau"]
[BlackTeam "SC Eppelborn"]

1. e4 Nf6 2. Nc3 d6 3. d4 g6 4. f4 e6 5. Nf3 d5 6. e5 Nfd7 7. Bb5 Bg7 8. O-O
O-O 9. Ng5 a6 10. Bd3 c5 11. dxc5 Nxc5 12. Be2 Nc6 13. b3 Qb6 14. Be3 Rd8 15.
Na4 Qc7 16. Bxc5 Re8 17. Nb6 Rb8 18. Kh1 Bf8 19. Bxf8 Kxf8 20. Nxc8 Rbxc8 21.
Nxh7+ Kg8 1-0

[Event "Sparkassen-Open B"]
[Site "Heusenstamm, Martinsee"]
[Date "2017.11.24"]
[Round "3.34"]
[White "Skopp, Jonathan"]
[Black "Ketting, Douwe"]
[Result "1/2-1/2"]
[WhiteElo "1218"]
[BlackElo "1580"]
[PlyCount "22"]
[EventDate "2017.??.??"]
[WhiteTeam "SV Empor Erfurt"]
[BlackTeam "SC Somborn"]

1. d4 Nf6 2. Bf4 g6 3. e3 Bg7 4. Nf3 O-O 5. Nbd2 d5 6. Ne5 Nbd7 7. Ndf3 c5 8.
c3 cxd4 9. cxd4 Qa5+ 10. Qd2 Qxd2+ 11. Nxd2 Nxe5 1/2-1/2